| 000 | 00731nam a2200217Ia 4500 | ||
|---|---|---|---|
| 003 | GCL | ||
| 008 | 140319s9999 xx 000 0 ara d | ||
| 040 |
_aGCL / _cGCL |
||
| 082 | 0 | 4 |
_a819 _bج ب |
| 100 | 1 | _aحسن شحاته | |
| 245 | 1 | 0 |
_aالبيان والتبيين (الجزء الاول والثانى) / _cحسن شحاته |
| 700 | 1 | _aعبدالسلام محمد هارون | |
| 700 | 1 | _aالجاحظ : ابوعثمان عمرو بن بحر محبوب | |
| 260 |
_a[S.N] : _bمكتبة الخانجى ، _c1968 |
||
| 300 | _a2 ج | ||
| 490 |
_aمكتبة الجاحظ _v0 |
||
| 650 | 0 | 4 | _aالادب العربى |
| 650 | 0 | 4 | _aالنثر العربى |
| 650 | 0 | 4 | _aالرسائل العربية |
| 942 |
_2ddc _cBK |
||
| 999 |
_c52479 _d52479 |
||